El plan social del gobierno de Elías Antonio Saca
Guardado en:
| Formato: | Libro |
|---|---|
| Lenguaje: | Spanish |
| Materias: | |
| Etiquetas: |
Agregar Etiqueta
Sin Etiquetas, Sea el primero en etiquetar este registro!
|
MARC
| LEADER | 00000nam a22000007a 4500 | ||
|---|---|---|---|
| 003 | cru IIS | ||
| 005 | 20220131120359.0 | ||
| 008 | 220131b |||||||| |||| 00| 0 spa d | ||
| 040 | |c cru IIS | ||
| 245 | 3 | |a El plan social del gobierno de Elías Antonio Saca | |
| 300 | |a 16 páginas | ||
| 500 | |a Colección Centroamérica | ||
| 650 | 0 | |9 2879 |a ALIVIO DE LA POBREZA | |
| 650 | 4 | |9 1963 |a GOBIERNO LOCAL | |
| 650 | 0 | |9 1973 |a SUBSIDIOS FAMILIARES | |
| 650 | 0 | |9 405 |a POLITICA DE SALUD | |
| 650 | 0 | |9 944 |a EDUCACION | |
| 650 | 4 | |9 1951 |a PRODUCCION AGROPECUARIA | |
| 650 | 0 | |9 978 |a JUVENTUD | |
| 650 | 0 | |9 289 |a POLITICA SOCIAL | |
| 650 | 0 | |9 129 |a NEOLIBERALISMO | |
| 651 | 4 | |9 1928 |a EL SALVADOR | |
| 773 | 0 | |0 42115 |9 6539 |a Universidad Centroamericana José Simeón Cañas (UCA) |d San Salvador, El Salvador: Universidad Centroamericana José Simeón Cañas. Centro Universitario de Documentación e Información |o 00664 |t El Salvador Proceso: |x 02599864 | |
| 942 | |2 ddc |c PP | ||
| 999 | |c 44069 |d 44069 | ||
